Statistiken für One Piece-Strohhut Kopfgelder(Stand 22)

Klicken Sie hier um das Quiz zu spielen!

Allgemein

  • Dieses Quiz wurde 86 mal gespielt
  • Das Durchschnittsergebnis liegt bei 4 aus 10

Antwortstatistiken

HintAntwort% Korrekt
Ruffy3000000000
87%
Chopper1000
84%
Lissob500000000
66%
Zorro1111000000
35%
Jinbei1110000000
25%
Nico Robin930000000
25%
Sanji1032000000
22%
Nami366000000
21%
Franky394000000
18%
Brook383000000
16%

Verteilung der Resultate

Perzentil nach korrekt beantworteten Fragen

Anzahl Personen mit jedem Resultat

Ihre Resultats-Entwicklung

Sie haben dieses Quiz noch nicht gespielt